000 00389nam a22001697a 4500
003 OSt
005 20250301115304.0
007 540 pages
008 250301b |||||||| |||| 00| 0 eng d
020 _a9789332549593
040 _c
082 _a511.1
_bKOL
245 _aDiscrete Mathematical structure
_cBernard Kolman
250 _a6
260 _bPearson
_c2025
942 _2ddc
_cBK
_n0
999 _c36197
_d36197